[Event "WTCC-50 2018"]
[Site "Radebeul"]
[Date "2018.07.07"]
[Round "1"]
[White "Benjamin, Joel"]
[Black "Bowmer, Kevin"]
[Result "1-0"]
[WhiteElo "2544"]
[BlackElo "2039"]
[Annotator "RC"]
[PlyCount "81"]
[EventDate "2018.07.07"]
[EventType "team-tourn"]
[EventCountry "GER"]
[SourceTitle "playchess.com"]
[Source "ChessBase"]
[SourceQuality "1"]
[TimeControl "40/5400+30:1800+30"]

1. e4 {[%emt 0:00:00]} c5 {[%emt 0:00:00]} 2. Nf3 {[%emt 0:00:00]} d6 {[%emt 0:00:00]} 3. Bb5+ {[%emt 0:00:28]} Bd7 {[%emt 0:00:14]} 4. Bxd7+ {[%emt 0:00:06]} Qxd7 {[%emt 0:00:15]} 5. c4 {[%emt 0:01:09]} Nf6 {[%emt 0:01:00]} 6. Nc3 {[%emt 0:00:07]} g6 {[%emt 0:00:48]} 7. d4 {[%emt 0:03:01]} cxd4 {[%emt 0:01:00]} 8. Nxd4 {[%emt 0:00:09]} Bg7 {[%emt 0:00:30]} 9. f3 {[%emt 0:04:11]} O-O {[%emt 0:01:37]} 10. Bg5 {[%emt 0:06:32]} Nc6 {[%emt 0:07:02]} 11. Nde2 {[%emt 0:01:24]} Qc7 {[%emt 0:06:39]} 12. b3 {[%emt 0:02:58]} Qa5 {[%emt 0:06:08]} 13. Qd2 {[%emt 0:04:35]} a6 {[%emt 0:05:07]} 14. Rc1 {[%emt 0:01:47]} Nd7 {[%emt 0:19:37]} 15. Nd5 {[%emt 0:10:47]} Qxd2+ {[%emt 0:01:54]} 16. Kxd2 {[%emt 0:00:52]} f6 {[%emt 0:05:05]} 17. Be3 {[%emt 0:00:48]} Rac8 {[%emt 0:03:38]} 18. Nef4 {[%emt 0:03:54]} Kf7 {[%emt 0:01:00]} 19. Rhd1 {[%emt 0:03:46]} f5 {[%emt 0:03:12]} 20. exf5 {[%emt 0:11:28]} gxf5 {[%emt 0:00:55]} 21. Nh5 {[%emt 0:00:31]} Bb2 {[%emt 0:07:18]} 22. Rc2 {[%emt 0:01:01]} Be5 {[%emt 0:01:13]} 23. f4 {[%emt 0:01:05]} Bh8 {[%emt 0:01:35]} 24. Ke1 {[%emt 0:00:23]} e6 {[%emt 0:05:19]} 25. Nb6 {[%emt 0:00:53]} Nxb6 {[%emt 0:01:24]} 26. Bxb6 {[%emt 0:00:06]} Nb4 {[%emt 0:07:50]} 27. Re2 {[%emt 0:00:59]} Ke7 {[%emt 0:03:40]} 28. Kf1 {[%emt 0:01:22]} Rc6 {[%emt 0:03:31]} 29. Bf2 {[%emt 0:09:07]} a5 {[%emt 0:00:30]} 30. Rde1 {[%emt 0:00:21]} d5 {[%emt 0:01:54]} 31. a3 {[%emt 0:00:40]} dxc4 {[%emt 0:00:38]} 32. axb4 {[%emt 0:00:13]} axb4 {[%emt 0:00:49]} 33. bxc4 {[%emt 0:00:48]} b3 {[%emt 0:01:24]} 34. c5 {[%emt 0:08:15]} Ra8 {[%emt 0:01:18]} 35. Ng3 {[%emt 0:00:54]} b2 {[%emt 0:01:01]} 36. Nxf5+ {[%emt 0:00:23]} Kf8 {[%emt 0:02:22]} 37. Nd4 {[%emt 0:01:15]} Ra1 {[%emt 0:00:31]} 38. Rxb2 {[%emt 0:00:28]} Rxe1+ {[%emt 0:00:12]} 39. Kxe1 {[%emt 0:00:14]} Ra6 {[%emt 0:00:38]} 40. Rxb7 {[%emt 0:00:42]} Ra2 {[%emt 0:00:36]} 41. Nxe6+ {[%emt 0:30:26]} 1-0

[Event "WTCC-50 2018"]
[Site "Radebeul"]
[Date "2018.07.07"]
[Round "1"]
[White "Bischoff, Klaus"]
[Black "Wagner, Bernd"]
[Result "1-0"]
[WhiteElo "2510"]
[BlackElo "2145"]
[Annotator "TA"]
[PlyCount "51"]
[EventDate "2018.07.07"]
[EventType "team-tourn"]
[EventCountry "GER"]
[SourceTitle "playchess.com"]
[Source "ChessBase"]
[SourceQuality "1"]

{[%evp 12,51,20,-7,21,25,30,22,86,59,78,60,62,68,83,76,110,88,102,45,183,204,220,224,254,250,289,260,286,301,390,341,529,517,506,488,878,849,2641,1354,1879,587]} 1. c4 e5 2. Nc3 Nf6 3. Nf3 Nc6 4. e3 d5 5. cxd5 Nxd5 6. Qc2 {A28: English Opening: Four Knights Variation} (6. Bb5 Nxc3 7. bxc3 Bd6 8. d4 Bd7 9. O-O Qe7 10. e4 O-O 11. Re1 Nxd4 12. Nxd4 exd4 13. Bxd7 Qxd7 14. cxd4 Bb4 15. Re3 Rad8 16. Bb2 Bc5 17. Rd3 {0-1 (66) Howell,D (2676)-Malakhov,V (2686) Riadh 2017}) 6... a6 7. a3 {LiveBook: 4 Games} Nxc3 8. bxc3 {The position is equal.} Bd6 9. d4 exd4 (9... O-O $11) 10. cxd4 $16 O-O $1 11. Bb2 $146 ({Predecessor:} 11. Bd3 h6 12. h3 Qf6 13. Bb2 Re8 {1-0 (36) Tirado Parra,A (1929)-Alvarez Escudero,M (1826) Collado Villalba 2012}) 11... Ne7 12. Bd3 h6 13. O-O Bg4 14. Ne5 Bh5 15. f4 (15. Qb3 $16) 15... Bxe5 (15... Rc8 $14) 16. dxe5 $18 Nd5 17. Rae1 c6 18. e4 Qb6+ 19. Kh1 $1 Nc7 20. f5 Nb5 21. Qb3 Qa7 (21... Qd8 {might work better.} 22. Re3 Kh7) 22. Bc4 {White is clearly winning.} Nd4 23. Qh3 ({Less strong is} 23. Qg3 b5 $18) 23... Nc2 (23... Qc5 $142 24. Rc1 Qxe5 25. Qxh5 Rad8) 24. Qxh5 Nxe1 25. e6 {[%cal Re6f7]} b5 26. exf7+ {Precision: White = 82%, Black = 26%.} (26. f6 $142 Nd3 27. fxg7 Nf2+ {[#]} 28. Rxf2 $1 {[%mdl 512]} Qxf2 29. gxf8=R+ Kxf8 30. Bd4 $1 {[%mdl 512]} Qe1+ 31. Bg1 fxe6 32. Bxe6) 1-0

[Event "WTCC-50 2018"]
[Site "Radebeul"]
[Date "2018.07.07"]
[Round "1"]
[White "Yermolinsky, Alex"]
[Black "Thurstan, Tim M"]
[Result "1-0"]
[WhiteElo "2505"]
[BlackElo "2035"]
[Annotator "TA"]
[PlyCount "49"]
[EventDate "2018.07.07"]
[EventType "team-tourn"]
[EventCountry "GER"]
[SourceTitle "playchess.com"]
[Source "ChessBase"]
[SourceQuality "1"]

{[%evp 26,49,33,52,53,37,71,59,51,64,79,59,56,56,102,87,157,164,427,427,427,425,393,414,436,432]} 1. d4 e6 2. Nf3 d5 3. c4 c5 4. cxd5 exd5 5. g3 Nc6 6. Bg2 Be7 7. O-O Nf6 8. Nc3 O-O 9. dxc5 Bxc5 10. Bg5 d4 11. Bxf6 Qxf6 12. Nd5 Qd6 13. Nd2 Bf5 14. Rc1 {LiveBook: 3 Games. D34: Tarrasch Defence: 6 g3 Nf6 7 Bg2 Be7} Rac8 15. a3 (15. Qb3 b6 16. a3 Rfe8 17. Qf3 Qd7 18. Rfe1 Ne5 19. Qf4 Ng6 20. Qg5 h6 21. Qh5 Bg4 22. Qxh6 gxh6 {½-½ (50) Piket,J (2619)-Annakov,B (2600) Internet 1999}) 15... Ne5 16. Ne4 {White is better.} Bxe4 $1 17. Bxe4 Rfe8 $146 ({Predecessor:} 17... f5 18. Bg2 Kh8 19. Qc2 Qd7 20. Qb1 Ng6 21. b4 Bd6 {1-0 (41) Nasir Ali,S (2190)-Ranjitha,K Chennai 2004}) 18. Rc2 a6 19. Nf4 b5 20. Qc1 {Strongly threatening b4.} Qf8 {[#]} (20... Rc7 $142) 21. Bf5 $1 $16 {[%cal Rf5c8]} Nc4 $2 (21... Rc6 22. b4 Rf6) 22. Bxc8 $18 Rxc8 23. Nd3 Bd6 24. b3 Bxa3 25. Qa1 {Precision: White = 71%, Black = 17%.} 1-0

[Event "WTCC-50 2018"]
[Site "Radebeul"]
[Date "2018.07.07"]
[Round "1"]
[White "Schlosser, Philipp"]
[Black "Mohs, Juergen"]
[Result "1-0"]
[WhiteElo "2501"]
[BlackElo "2042"]
[Annotator "ChessBase"]
[PlyCount "109"]
[EventDate "2018.07.07"]
[EventType "team-tourn"]
[EventCountry "GER"]
[SourceTitle "playchess.com"]
[Source "ChessBase"]
[SourceQuality "1"]
[TimeControl "40/5400+30:1800+30"]

1. Nf3 {[%emt 0:00:00]} d5 {[%emt 0:00:00]} 2. g3 {[%emt 0:00:00]} c6 {[%emt 0:00:00]} 3. Bg2 {[%emt 0:00:00]} Nd7 {[%emt 0:00:09]} 4. d4 {[%emt 0:00:18]} e6 {[%emt 0:00:25]} 5. O-O {[%emt 0:00:16]} Be7 {[%emt 0:02:00]} 6. c4 {[%emt 0:01:12]} Ngf6 {[%emt 0:03:20]} 7. Qc2 {[%emt 0:00:17]} Ne4 {[%emt 0:02:05]} 8. b3 {[%emt 0:12:53]} f5 {[%emt 0:03:22]} 9. Ba3 {[%emt 0:01:47]} Bxa3 {[%emt 0:06:11]} 10. Nxa3 {[%emt 0:00:03]} O-O {[%emt 0:00:25]} 11. Rac1 {[%emt 0:01:43]} Qe7 {[%emt 0:05:50]} 12. Qb2 {[%emt 0:00:14]} Ng5 {[%emt 0:12:41]} 13. Nc2 {[%emt 0:06:57]} Nxf3+ {[%emt 0:02:37]} 14. exf3 {[%emt 0:00:50]} Qf6 {[%emt 0:02:45]} 15. f4 {[%emt 0:00:23]} Nc5 {[%emt 0:02:51]} 16. Qa3 {[%emt 0:07:36]} Na6 {[%emt 0:01:36]} 17. Rfe1 {[%emt 0:03:10]} Rd8 {[%emt 0:13:22]} 18. Re5 {[%emt 0:05:25]} Qf8 {[%emt 0:00:51]} 19. Qa5 {[%emt 0:00:25]} Bd7 {[%emt 0:14:11]} 20. Bf1 {[%emt 0:07:36]} Nb8 {[%emt 0:01:32]} 21. Rce1 {[%emt 0:04:10]} b6 {[%emt 0:01:38]} 22. Qc3 {[%emt 0:00:25]} Qd6 {[%emt 0:04:14]} 23. h3 {[%emt 0:05:44]} a5 {[%emt 0:01:34]} 24. a3 {[%emt 0:03:57]} Na6 {[%emt 0:00:31]} 25. g4 {[%emt 0:03:16]} g6 {[%emt 0:04:02]} 26. b4 {[%emt 0:05:55]} axb4 {[%emt 0:01:12]} 27. axb4 {[%emt 0:00:03]} Nc7 {[%emt 0:00:48]} 28. c5 {[%emt 0:02:17]} bxc5 {[%emt 0:00:35]} 29. dxc5 {[%emt 0:00:04]} Qf8 {[%emt 0:00:48]} 30. g5 {[%emt 0:00:57]} Ra7 {[%emt 0:08:11]} 31. Ra1 {[%emt 0:01:39]} Rxa1 {[%emt 0:00:42]} 32. Qxa1 {[%emt 0:00:03]} Ra8 {[%emt 0:00:18]} 33. Qc3 {[%emt 0:00:36]} Qb8 {[%emt 0:03:54]} 34. h4 {[%emt 0:04:14]} Ra4 {[%emt 0:00:51]} 35. Be2 {[%emt 0:00:39]} Qa8 {[%emt 0:00:15]} 36. h5 {[%emt 0:00:22]} Ra2 {[%emt 0:00:14]} 37. Re3 {[%emt 0:02:22]} gxh5 {[%emt 0:00:34]} 38. Bxh5 {[%emt 0:00:26]} Qf8 {[%emt 0:00:29]} 39. Nd4 {[%emt 0:03:38]} Qg7 {[%emt 0:00:35]} 40. Be2 {[%emt 0:01:03]} Ra8 {[%emt 0:01:08]} 41. Qd2 {[%emt 0:36:04]} Qf8 {[%emt 0:02:13]} 42. Kg2 {[%emt 0:00:00]} Qg7 {[%emt 0:03:08]} 43. Rh3 {[%emt 0:00:00]} Re8 {[%emt 0:11:29]} 44. Nf3 {[%emt 0:00:00]} Ra8 {[%emt 0:03:23]} 45. Ne5 {[%emt 0:00:00]} Be8 {[%emt 0:00:37]} 46. Qb2 {[%emt 0:00:00]} Rb8 {[%emt 0:02:00]} 47. Ra3 {[%emt 0:00:00]} Ra8 {[%emt 0:01:55]} 48. Rh3 {[%emt 0:00:00]} Rb8 {[%emt 0:00:03]} 49. Qd4 {[%emt 0:00:00]} Rc8 {[%emt 0:01:16]} 50. Ra3 {[%emt 0:00:00]} Ra8 {[%emt 0:00:24]} 51. Ra5 {[%emt 0:00:00]} Qe7 {[%emt 0:00:58]} 52. Nf3 {[%emt 0:00:00]} Bh5 {[%emt 0:03:03]} 53. Qe5 {[%emt 0:00:00]} Bxf3+ {[%emt 0:00:43]} 54. Kxf3 {[%emt 0:00:00]} Qd7 {[%emt 0:02:36]} 55. Rxa8+ {[%emt 0:00:00] Qe7} 1-0

[Event "WTCC-50 2018"]
[Site "Radebeul"]
[Date "2018.07.07"]
[Round "1"]
[White "Emms, John M"]
[Black "Schroth, Georg"]
[Result "1-0"]
[WhiteElo "2488"]
[BlackElo "2079"]
[Annotator "TA"]
[PlyCount "177"]
[EventDate "2018.07.07"]
[EventType "team-tourn"]
[EventCountry "GER"]
[SourceTitle "playchess.com"]
[Source "ChessBase"]
[SourceQuality "1"]

{[%evp 30,176,20,19,33,26,24,16,10,15,49,26,39,25,33,18,32,26,40,37,79,36,56,56,76,59,131,131,125,135,150,140,149,162,149,2,4,4,3,0,8,8,8,0,6,0,0,0,0,0,8,15,13,12,15,8,8,8,8,8,15,11,17,18,104,104,104,104,88,88,90,64,76,60,90,90,90,90,90,90,90,59,59,59,59,8,59,59,59,59,59,59,59,59,59,59,59,0,59,59,59,59,59,59,59,59,59,59,59,59,59,59,59,59,59,59,59,59,29954,12796,29976,29975,29983,29984,29984,29985,29985,29982,29986,29987,29986,29987,29987,29988,29991,29992,29992,29993,29995,29995,29995,29996,29996,29997,29997,29998,29998,29999,29999]} 1. Nf3 Nf6 2. c4 g6 3. g3 Bg7 4. Bg2 O-O 5. O-O d6 6. Nc3 e5 7. d3 Nc6 8. Rb1 a5 9. a3 Be6 10. b4 axb4 11. axb4 h6 12. b5 Ne7 13. Bb2 Qd7 14. Qb3 {A26: Englische Eröffnung (Sizilianisch im Anzug)} Bh3 15. Ra1 Bxg2 (15... Rab8 16. Ra7 Qe6 17. Rfa1 Bxg2 18. Kxg2 Nd7 19. e4 f5 20. Nd5 Nc5 21. Qc2 fxe4 22. dxe4 Nxd5 23. cxd5 {1-0 (73) Spoelman,W (2578)-Jones,G (2640) chess.com INT 2018}) 16. Kxg2 {LiveBook: 16 Partien. Die Stellung ist ausgeglichen.} Nh5 17. Rxa8 Rxa8 18. Ra1 Rxa1 19. Bxa1 Qg4 {Schwarz will ...Sf4+ spielen.} 20. e3 Qd7 $146 ({Vorgänger:} 20... Qf5 21. Ne4 Qe6 22. Nc3 Qf5 {1-0 (37) Wessman,R (2440)-Southam,T (2300) New York 1992}) 21. Qa4 f5 22. h3 Nf6 23. e4 Kf7 24. Bb2 Nh7 25. Ba3 (25. c5 $5) 25... Nf8 26. c5 dxc5 27. Qc4+ Qe6 (27... Ne6 $14) 28. Qxc5 $16 c6 29. Qb6 Qd7 30. bxc6 bxc6 31. Qb8 Qxd3 32. Nxe5+ (32. Qb3+ $1 $16 Ne6 33. Bxe7 fxe4 34. Ne1) 32... Bxe5 $11 33. Qxe5 Ne6 $1 34. exf5 Nxf5 35. Ne4 Qd4 36. Qxd4 Nexd4 {[%mdl 4096] Endspiel KLS-KSS} 37. f4 Ke6 38. g4 Ne3+ 39. Kg3 Nd5 40. Nc5+ Kf7 41. Nd3 Kg8 42. Bc5 Ne6 43. Bd6 Kg7 44. Kf3 Kf6 45. Be5+ Kf7 46. Bb2 {Und Se5+ würde nun gewinnen.} Ne7 (46... Ke7 $11) 47. Ne5+ $16 Ke8 {[#]} 48. Ba3 $1 {[%cal Ra3e7] Lxe7 ist eine echte Drohung.} c5 49. Ke4 {Schwarz muss nun h4 beachten.} h5 50. Bc1 hxg4 51. hxg4 Nf8 52. Be3 Ne6 53. Bf2 Kf8 54. Nd7+ Kf7 55. Bxc5 (55. Nxc5 {with more complications.} Nc6 56. Nd7 Nc7 57. Bb6 Na8 58. Bc5) 55... Nxc5+ 56. Nxc5 {KS-KS} Kf6 57. Nb3 (57. Kd4 $14) 57... Ke6 (57... g5 $11) 58. Nd4+ $14 Kf6 59. g5+ Kf7 60. Ke5 Nc8 61. Nb5 {zielt auf Sd6+ ab.} Ke7 62. Nc7 Kf7 63. Nb5 {Und weiter mit Sd6+ wäre nett.} Ke7 $1 64. Nc3 Kf7 65. Nd5 Na7 66. Nb4 Nc8 67. Nc6 Nb6 68. Ke4 Kg7 69. Ne5 Nc8 70. Kd5 Ne7+ 71. Ke6 (71. Kc4 {is interesting.} Nf5 72. Kd3 Ng3 73. Ke3 Nf5+ 74. Ke4) 71... Nf5 72. Nc6 Ng3 73. Nd4 Ne4 $2 {[%mdl 8192] [#]} (73... Kf8 $14 74. Kf6 Nh5+ 75. Ke5 Kf7) 74. Ke7 $1 {[%cal Re7e6]} Nc3 75. Ne6+ {Weiß setzt Matt.} Kh7 76. Kf7 Ne4 77. Nf8+ Kh8 78. Nxg6+ Kh7 79. Ne7 Nd6+ 80. Kf8 Kh8 81. f5 Ne4 82. g6 Nf6 83. Kf7 Nh5 84. Nd5 Ng7 85. f6 {[%csl Gf7][%cal Rf6g7]} Nf5 86. g7+ Nxg7 87. fxg7+ Kh7 88. g8=Q+ Kh6 89. Qg6# {Precision: Weiß = 62%, Schwarz = 48%.} 1-0

[Event "WTCC-50 2018"]
[Site "Radebeul"]
[Date "2018.07.07"]
[Round "1"]
[White "Levin, Felix"]
[Black "Goormachtigh, Johan"]
[Result "1-0"]
[WhiteElo "2466"]
[BlackElo "2148"]
[Annotator "ChessBase"]
[PlyCount "109"]
[EventDate "2018.07.07"]
[EventType "team-tourn"]
[EventCountry "GER"]
[SourceTitle "playchess.com"]
[Source "ChessBase"]
[SourceQuality "1"]
[TimeControl "40/5400+30:1800+30"]

1. c4 {[%emt 0:00:00]} c5 {[%emt 0:00:08]} 2. Nf3 {[%emt 0:00:00]} Nc6 {[%emt 0:00:32]} 3. d4 {[%emt 0:01:48]} cxd4 {[%emt 0:00:09]} 4. Nxd4 {[%emt 0:00:04]} g6 {[%emt 0:00:45]} 5. e4 {[%emt 0:00:29]} Bg7 {[%emt 0:00:16]} 6. Be3 {[%emt 0:00:27]} Nf6 {[%emt 0:01:28]} 7. Nc3 {[%emt 0:00:09]} d6 {[%emt 0:00:35]} 8. Be2 {[%emt 0:00:30]} O-O {[%emt 0:00:18]} 9. O-O {[%emt 0:04:37]} Nxd4 {[%emt 0:01:26]} 10. Bxd4 {[%emt 0:00:08]} Bd7 {[%emt 0:01:00]} 11. Qd2 {[%emt 0:06:51]} Bc6 {[%emt 0:01:22]} 12. f3 {[%emt 0:00:13]} a5 {[%emt 0:00:47]} 13. b3 {[%emt 0:01:44]} Nd7 {[%emt 0:01:16]} 14. Be3 {[%emt 0:00:08]} Nc5 {[%emt 0:00:25]} 15. Rab1 {[%emt 0:00:28]} Be5 {[%emt 0:03:23]} 16. Bd1 {[%emt 0:17:03]} e6 {[%emt 0:22:47]} 17. a3 {[%emt 0:07:38]} Qh4 {[%emt 0:29:21]} 18. g3 {[%emt 0:00:25]} Qe7 {[%emt 0:00:02]} 19. b4 {[%emt 0:03:10]} axb4 {[%emt 0:00:35]} 20. axb4 {[%emt 0:00:08]} Ra3 {[%emt 0:05:02]} 21. Nb5 {[%emt 0:26:01]} Bxb5 {[%emt 0:09:18]} 22. cxb5 {[%emt 0:00:13]} Na4 {[%emt 0:04:43]} 23. Bxa4 {[%emt 0:00:17]} Rxa4 {[%emt 0:00:06]} 24. f4 {[%emt 0:00:20]} Bg7 {[%emt 0:03:58]} 25. Rfd1 {[%emt 0:00:32]} Qd7 {[%emt 0:02:17]} 26. b6 {[%emt 0:10:52]} Qc6 {[%emt 0:00:47]} 27. Qd3 {[%emt 0:00:25]} d5 {[%emt 0:02:29]} 28. Rbc1 {[%emt 0:01:35]} dxe4 {[%emt 0:02:28]} 29. Qd7 {[%emt 0:04:12]} Qxd7 {[%emt 0:01:54]} 30. Rxd7 {[%emt 0:00:03]} Rxb4 {[%emt 0:02:01]} 31. Bc5 {[%emt 0:00:48]} Rb2 {[%emt 0:00:51]} 32. Bxf8 {[%emt 0:09:01]} Bxf8 {[%emt 0:00:02]} 33. Rxb7 {[%emt 0:00:23]} e3 {[%emt 0:00:44]} 34. Rb8 {[%emt 0:00:40]} Kg7 {[%emt 0:01:01]} 35. b7 {[%emt 0:00:29]} Be7 {[%emt 0:01:26]} 36. Kf1 {[%emt 0:02:42]} Rf2+ {[%emt 0:00:27]} 37. Kg1 {[%emt 0:00:20]} Rb2 {[%emt 0:00:02]} 38. Rc4 {[%emt 0:01:53]} f5 {[%emt 0:01:45]} 39. Rc1 {[%emt 0:01:46]} h6 {[%emt 0:00:53]} 40. Re1 {[%emt 0:00:49]} e2 {[%emt 0:00:39]} 41. Kg2 {[%emt 0:30:36]} g5 {[%emt 0:02:37]} 42. Kf3 {[%emt 0:00:00]} g4+ {[%emt 0:03:55]} 43. Ke3 {[%emt 0:00:00]} Bc5+ {[%emt 0:00:06]} 44. Kd3 {[%emt 0:00:00]} Ba7 {[%emt 0:00:11]} 45. Rxe2 {[%emt 0:00:00]} Rxe2 {[%emt 0:01:32]} 46. Ra8 {[%emt 0:00:00]} Rb2 {[%emt 0:02:04]} 47. Rxa7 {[%emt 0:00:00]} Kf6 {[%emt 0:01:50]} 48. Kc3 {[%emt 0:00:00]} Rb1 {[%emt 0:00:35]} 49. Kc4 {[%emt 0:00:00]} h5 {[%emt 0:03:22]} 50. Kc5 {[%emt 0:00:00]} Rb2 {[%emt 0:00:34]} 51. Kd6 {[%emt 0:00:00]} Rd2+ {[%emt 0:00:37]} 52. Kc7 {[%emt 0:00:00]} Rc2+ {[%emt 0:00:04]} 53. Kb8 {[%emt 0:00:00]} Rxh2 {[%emt 0:00:53]} 54. Ra6 {[%emt 0:00:00]} Rb2 {[%emt 0:13:53]} 55. Kc7 {[%emt 0:00:00]} 1-0

[Event "WTCC-50 2018"]
[Site "Radebeul"]
[Date "2018.07.07"]
[Round "1"]
[White "Hebden, Mark"]
[Black "Goldinger, Peter"]
[Result "1-0"]
[WhiteElo "2423"]
[BlackElo "2038"]
[Annotator "NA"]
[PlyCount "89"]
[EventDate "2018.07.07"]
[EventType "team-tourn"]
[EventCountry "GER"]
[SourceTitle "playchess.com"]
[Source "ChessBase"]
[SourceQuality "1"]
[TimeControl "40/5400+30:1800+30"]

1. d4 {[%emt 0:00:00]} e6 {[%emt 0:00:00]} 2. Nf3 {[%emt 0:00:10]} Nf6 {[%emt 0:00:10]} 3. e3 {[%emt 0:00:42]} b6 {[%emt 0:01:08]} 4. Bd3 {[%emt 0:00:08]} d5 {[%emt 0:00:48]} 5. O-O {[%emt 0:00:37]} Bb7 {[%emt 0:00:24]} 6. b3 {[%emt 0:01:26]} Nbd7 {[%emt 0:00:26]} 7. Bb2 {[%emt 0:00:49]} Ne4 {[%emt 0:01:41]} 8. c4 {[%emt 0:00:30]} Be7 {[%emt 0:00:27]} 9. Nc3 {[%emt 0:01:29]} O-O {[%emt 0:00:36]} 10. Rc1 {[%emt 0:00:58]} f5 {[%emt 0:01:13]} 11. Qe2 {[%emt 0:02:03]} Bf6 {[%emt 0:13:27]} 12. Rfd1 {[%emt 0:01:29]} c6 {[%emt 0:03:05]} 13. Rc2 {[%emt 0:07:05]} Kh8 {[%emt 0:01:07]} 14. Rdc1 {[%emt 0:04:02]} g5 {[%emt 0:02:28]} 15. cxd5 {[%emt 0:00:45]} exd5 {[%emt 0:00:12]} 16. Ba6 {[%emt 0:02:01]} Nxc3 {[%emt 0:17:34]} 17. Bxc3 {[%emt 0:01:08]} Bxa6 {[%emt 0:01:39]} 18. Qxa6 {[%emt 0:00:05]} Qe7 {[%emt 0:00:19]} 19. Bb2 {[%emt 0:08:52]} Rac8 {[%emt 0:03:22]} 20. Qxa7 {[%emt 0:17:06]} c5 {[%emt 0:02:30]} 21. Qb7 {[%emt 0:13:09]} g4 {[%emt 0:01:05]} 22. Ne1 {[%emt 0:01:41]} f4 {[%emt 0:05:58]} 23. exf4 {[%emt 0:02:00]} Rfe8 {[%emt 0:00:20]} 24. g3 {[%emt 0:03:54]} Qe6 {[%emt 0:01:41]} 25. Ng2 {[%emt 0:04:23]} Rb8 {[%emt 0:00:22]} 26. Qc7 {[%emt 0:00:42]} Rec8 {[%emt 0:00:22]} 27. f5 {[%emt 0:00:08]} Qxf5 {[%emt 0:02:07]} 28. Qf4 {[%emt 0:00:42]} Qg6 {[%emt 0:01:06]} 29. Ne3 {[%emt 0:00:36]} Rf8 {[%emt 0:09:43]} 30. Nxd5 {[%emt 0:04:56]} Bg7 {[%emt 0:01:22]} 31. Qc7 {[%emt 0:00:26]} Qf7 {[%emt 0:01:39]} 32. Nf4 {[%emt 0:04:37]} cxd4 {[%emt 0:03:37]} 33. Nd3 {[%emt 0:02:08]} Rbe8 {[%emt 0:02:49]} 34. Qc4 {[%emt 0:04:50]} Qf6 {[%emt 0:14:30]} 35. Qd5 {[%emt 0:00:56]} Ne5 {[%emt 0:05:15]} 36. Nxe5 {[%emt 0:00:58]} Qxe5 {[%emt 0:00:08]} 37. Qxe5 {[%emt 0:00:24]} Bxe5 {[%emt 0:00:10]} 38. Rd1 {[%emt 0:00:36]} Kg8 {[%emt 0:02:39]} 39. Bxd4 {[%emt 0:00:29]} Rd8 {[%emt 0:00:35]} 40. Rcd2 {[%emt 0:00:15]} Bc7 {[%emt 0:00:21]} 41. Be3 {[%emt 0:30:36]} Rxd2 {[%emt 0:30:44]} 42. Rxd2 {[%emt 0:00:08]} Rd8 {[%emt 0:00:26]} 43. Rc2 {[%emt 0:00:32]} Rd7 {[%emt 0:00:19]} 44. Rc6 {[%emt 0:01:18]} b5 {[%emt 0:01:33]} 45. Rc5 {[%emt 0:00:07]} 1-0

[Event "WTCC-50 2018"]
[Site "Radebeul"]
[Date "2018.07.07"]
[Round "1"]
[White "Paehtz, Thomas"]
[Black "Benkiar, Djamel"]
[Result "1-0"]
[WhiteElo "2347"]
[BlackElo "2008"]
[Annotator "TA"]
[PlyCount "131"]
[EventDate "2018.07.07"]
[EventType "team-tourn"]
[EventCountry "GER"]
[SourceTitle "playchess.com"]
[Source "ChessBase"]
[SourceQuality "1"]

{[%evp 25,131,52,70,45,41,24,16,15,51,47,55,35,40,37,43,35,41,43,43,43,33,33,10,56,59,25,33,24,24,32,33,12,14,12,12,11,25,10,87,0,23,23,29,8,8,0,72,72,72,72,132,132,132,132,125,8,112,125,111,8,8,8,8,8,8,8,67,67,82,82,83,8,8,8,8,8,8,8,8,8,8,8,8,8,8,8,8,8,29970,29971,29970,1007,29971,29972,29972,29973,29974,29975,29975,29974,29975,29976,29975,29976,29975,29976,29986,29986]} 1. e4 c5 2. Nf3 Nc6 3. d4 cxd4 4. Nxd4 e5 5. Nb5 a6 6. Nd6+ Bxd6 7. Qxd6 Qf6 8. Qxf6 Nxf6 9. Nc3 d5 10. exd5 Nb4 11. Bd3 Nfxd5 12. Nxd5 Nxd5 13. Bd2 {B32: Sicilian: Löwenthal and Kalashnikov Variations} O-O {LiveBook: 5 Games} 14. O-O (14. O-O-O Re8 15. Rhe1 Bd7 16. c4 Rac8 17. Kb1 Nf6 18. Bg5 e4 19. Bf1 Bf5 20. Bxf6 gxf6 {1-0 (48) Fluvia Poyatos,J (2512)-Montell Lorenzo,J (2267) Catalunya 2014}) 14... Bd7 15. Rae1 $146 {White is slightly better.} ({Predecessor:} 15. c4 Nc7 16. Bc3 Rfe8 17. Rfe1 f6 18. Be4 Bc6 19. Bxc6 bxc6 20. Rad1 Rad8 {1-0 (43) Dobes,V (2116)-Mrazek,L (2237) Czechia 2015}) 15... Rfe8 16. c4 Nf6 17. Bc3 e4 18. Bc2 Bc6 19. Re3 Ng4 20. Rg3 Ne5 21. Re1 g6 22. Bxe4 Nxc4 23. Bxc6 Rxe1+ 24. Bxe1 bxc6 $14 {[%mdl 4096] Endgame KRB-KRN} 25. Rc3 Nxb2 26. Rxc6 Nd3 27. Ba5 Ne5 28. Rc2 Rb8 {( -> ...Rb1+)} 29. h3 f6 30. Kh2 Rb5 31. Bd8 Kf7 (31... f5 $11) 32. f4 (32. Rc7+ $16 Ke6 33. Ra7 (33. Rxh7 Nc6 $15)) 32... Nd3 33. Rc7+ Ke6 34. Rc6+ Kd7 35. Rxf6 Nxf4 (35... Ne1 $11) 36. Rxf4 $16 {Rd4+ is the strong threat.} Kxd8 $11 {[#] KR-KR} 37. Rf7 $1 Ra5 (37... Ke8 $142 38. Rxh7 Ra5) 38. Rxh7 $16 Ke8 39. Rg7 g5 40. Kg3 ({Better is} 40. Rc7 $16) 40... Kf8 (40... Ra3+ $11 {remains equal.} 41. Kg4 Rxa2) 41. Rc7 Ra3+ {[#]} 42. Kg4 (42. Kh2 $1 $16) 42... Rxa2 $11 43. g3 {[%cal Bg2g3,Bg3g4][%mdl 32]} Ra5 44. Ra7 Kg8 45. Kh5 {Black should prevent Kh6.} Kf8 (45... Ra3 $1 $11) 46. g4 $1 $14 Ra3 $1 47. Kxg5 {Black must now prevent h4.} Rxh3 48. Kg6 (48. Rxa6 $16 Kf7 49. Ra7+ Kg8 50. Kg6) 48... Ra3 $1 $11 49. g5 a5 50. Rf7+ Kg8 51. Rc7 {[%cal Rc7c8]} Kf8 52. Rc8+ Ke7 53. Kg7 a4 54. Rc4 {Strongly threatening g6.} Ra1 55. g6 {And now Rh4 would win.} a3 56. Rc2 a2 $2 {[%mdl 8192]} (56... Kd6 $11) 57. Rg2 Kd6 58. Rf2 (58. Rh2 $142 Kc6 59. Kh7 Kd7 60. g7 Rg1 61. Rxa2 Rh1+ 62. Kg6 Rg1+ 63. Kf6 Rf1+ 64. Ke5 Re1+ 65. Kf4) 58... Ke7 59. Rh2 {White mates.} Ke8 60. Kh7 Rb1 61. Rxa2 Rh1+ 62. Kg7 Rh3 63. Re2+ Kd7 64. Kg8 Rh1 65. g7 Kd8 66. Re5 {Precision: White = 59%, Black = 53%.} 1-0